000 00731nam a2200265 4500
001 74357
005 20260408140835.0
010 _a9789897835544
021 _aPT
_b545508/25
090 _a74357
100 _a20250429d2025 m y0pory50030103ba
101 1 _apor
_cger
102 _aPT
105 _ay z 000ay
106 _ar
200 1 _aZipper e o seu pai
_fJoseph Roth
_gtrad. António Sousa Ribeiro
210 9 _aLisboa
_cRelógio D'Água
_d2025
215 _a125, [2] p.
225 2 _aFicções
304 _aTít. orig.: Zipper und sein Vater
675 _a821.112.2(436)-31"19"
_vBN
_zpor
700 _aRoth
_bJoseph
_f1894-1939
_940159
702 _aRibeiro
_bAntónio Sousa
_f1952-
_4730
_938870
801 0 _aPT
_bBN
_gRPC
942 _cMON